02290nam a2200313 i 4500001001000000003001000010005001700020007000300037008004100040020001500081040004700096041000800143082001800151100005000169245006300219264004200282264001100324300002800335336002700363337003300390338002800423520132100451563001401772650003201786942000701818945000901825952012501834999001701959768714001CO-MdFUSB20211027151916.0ta200522t2004 ck |||| |||| 00| 0 spa d a9580483620 aCO-MdFUSBbspacCO-MdFUSBdCO-MdFUSBCerda aspa 223a863bG215 aGarcía Márquez, Gabrield1927-2014eautor aMemoria de mis putas tristesc/ Gabriel García Márquez 1aBogotá, Colombia : bNorma,c[2004] 4c©2004 c109 páginas ; a23 cm 2rdacontentatextobtxt 2rdamediaasin mediaciónbn 2rdacarrieravolumenbnc aUn viejo periodista decide festejar sus noventa años a lo grande, dándose un regalo que le hará sentir que todavía está vivo: una jovencita virgen, y con ella «el principio de una nueva vida a una edad en que la mayoría de los mortales están muertos». En el prostíbulo llega el momento en que ve a la mujer de espaldas, completamente desnuda. Ese acontecimiento cambia su vida radicalmente. Ahora que conoce a esta jovencita se encuentra a punto de morir, pero no por viejo, sino de amor. Así, Memoria de mis putas tristes cuenta la vida de este anciano solitario, un apasionado de la música clásica, nada aficionado a las mascotas y lleno de manías. Por él sabremos cómo en todas sus aventuras sexuales (que no fueron pocas) siempre dio a cambio algo de dinero, pero nunca imaginó que de ese modo encontrara el verdadero amor. Esta novela de Gabriel García Márquez es una conmovedora reflexión que celebra las alegrías del enamoramiento, las desventuras de la vejez y, ante todo, lo que sucede cuando sexo y amor se juntan para darle un sentido a la existencia. Nos encontramos ante un relato aparentemente sencillo pero cargado de resonancias, una historia narrada con el excepcional estilo y la maestría en el arte de contar de los que solo es capaz el autor colombiano. aRústico 792518aLiteratura colombiana cBK aDani 00102ddc4070aFUSBCbFUSBCd2020-05-22l0oG 863 G215mep5154r2020-05-22 00:00:00tEj.1w2020-05-22yBKk18IINV2023 c65897d65897